Loading...
Literature - American Literature | 0 | 4 | 0 | 0 | 40 | 125 | 132.25 | 0 | 0 |
Literature - British Literature | 0 | 4 | 0 | 0 | 40 | 79 | 110.50 | 0 | 2 |
Fine Arts - Classical Music | 0 | 3 | 0 | 0 | 30 | 96 | 109.00 | 0 | 0 |
Literature - World Literature | 0 | 3 | 0 | 0 | 30 | 115 | 128.00 | 0 | 0 |
Mythology | 0 | 3 | 0 | 0 | 30 | 109 | 122.67 | 0 | 1 |
Fine Arts - Painting and Sculpture | 0 | 4 | 3 | 1 | 25 | 76 | 116.50 | 0 | 1 |
History - American History | 0 | 3 | 1 | 0 | 25 | 101 | 108.33 | 0 | 0 |
Science - Other Science | 0 | 2 | 0 | 0 | 20 | 108 | 114.50 | 0 | 0 |
Literature - European Literature | 0 | 2 | 1 | 0 | 15 | 92 | 108.00 | 0 | 1 |
Fine Arts - Other Fine Arts | 0 | 3 | 3 | 1 | 15 | 105 | 119.33 | 1 | 1 |
History - World History | 0 | 1 | 0 | 0 | 10 | 106 | 106.00 | 0 | 0 |
Social Science | 0 | 1 | 0 | 0 | 10 | 103 | 103.00 | 0 | 0 |
Philosophy | 0 | 1 | 0 | 0 | 10 | 132 | 132.00 | 0 | 1 |
Religion | 0 | 1 | 0 | 0 | 10 | 140 | 140.00 | 0 | 0 |
Science - Biology | 0 | 1 | 0 | 0 | 10 | 95 | 95.00 | 0 | 0 |
Science - Physics | 0 | 1 | 1 | 0 | 5 | 124 | 124.00 | 0 | 0 |
Science - Chemistry | 0 | 0 | 0 | 0 | 0 | 0.00 | 0 | 0 |